The Mysterious Fayum Portraits

Saved in:

Main Author: Euphrosyne Doxiadis

Format: Book

Language: Undetermined

Published: Cairo American University in Cairo 2024

Subjects:

Tags: Add Tag

No Tags, Be the first to tag this record!

Call Number: On Hold

LEADER 00531nam a2200169Ia 4500
005 20260324113530.0
008 260324s9999||||xx |||||||||||||| ||und||
020 |a 978-1649034205 
050 4 |a On Hold 
100 0 |a Euphrosyne Doxiadis 
245 1 4 |a The Mysterious Fayum Portraits  |c Euphrosyne Doxiadis 
264 1 |a Cairo  |b American University in Cairo  |c 2024 
300 |a 247 pages  |b illustrations, maps  |c 29 cm 
650 4 |a Faces from Ancient Egypt  
650 4 |a Mummy portraits--Egypt 
650 4 |a Portraits, Roman 
999 |c 61912  |d 61912